Brésil (Football) - Tous les Joueurs (2015-2026) - Statistiques

Statistiques générales
  • Ce quiz a été pris 7 944 fois
    438 depuis la dernière actualisation
  • Le résultat moyen est 35 sur 144
Statistiques - réponses
Matchs Début Joueur % Correct
128 2010 Neymar
99%
113 2008 Thiago Silva
88%
43 2019 Vinicius Junior
86%
101 2013 Marquinhos
84%
76 2015 Alisson
81%
29 2017 Ederson
78%
3 2024 Éderson
78%
126 2006 Dani Alves
75%
35 2019 Rodrygo
75%
58 2006 Marcelo
71%
57 2010 David Luiz
70%
80 2011 Casemiro
64%
36 2021 Raphinha
64%
18 2020 Douglas Luiz
62%
10 2011 Diego Alves
60%
59 2018 Lucas Paqueta
59%
14 2023 Endrick
58%
48 2011 Oscar
54%
54 2018 Richarlison
53%
32 2014 Fred
47%
64 2016 Gabriel Jesus
47%
68 2010 Philippe Coutinho
47%
42 2011 Alex Sandro
46%
39 2020 Bruno Guimaraes
46%
16 2023 Gabriel Magalhaes
46%
5 2024 Igor Jesus
46%
92 2002 Kaká
45%
44 2009 Filipe Luis
44%
36 2018 Éder Militao
43%
49 2009 Hulk
43%
53 2011 Fernandinho
42%
66 2011 Danilo
41%
9 2024 Estêvao
41%
29 2015 Fabinho
40%
31 2014 Douglas Costa
39%
20 2022 Gabriel Martinelli
38%
70 2011 Willian
36%
37 2011 Lucas Moura
34%
2 2015 Rafinha Alcantara
34%
55 2014 Roberto Firmino
34%
5 2023 Joao Pedro
33%
5 2022 Bremer
32%
41 2011 Luiz Gustavo
32%
56 2011 Paulinho
32%
1 2023 Paulinho
32%
4 2008 Rafinha
32%
100 2003 Robinho
30%
6 2020 Pedro
29%
16 2021 Antony
26%
2 2023 Ayrton Lucas
25%
10 2019 Emerson Royal
25%
1 2025 Jean Lucas
25%
5 2024 Lucas Beraldo
25%
22 2018 Arthur Melo
24%
2 2019 Bruno Henrique
24%
3 2023 Caio Henrique
24%
9 2024 Luiz Henrique
24%
17 2021 Matheus Cunha
24%
1 2019 Matheus Henrique
24%
2 2025 Paulo Henrique
24%
58 2009 Miranda
22%
4 2023 Andrey Santos
21%
1 2023 Arthur
21%
3 2016 Douglas Santos
21%
4 2012 Fabio Santos
21%
4 2014 Luiz Adriano
21%
3 2025 Alexsandro
19%
12 2019 Alex Telles
19%
2 2018 Felipe
19%
8 2023 Joelinton
19%
25 2018 Everton
18%
14 2021 Gerson
18%
33 2011 Renato Augusto
18%
1 2023 Vitor Roque
17%
4 2023 Carlos Augusto
16%
1 2018 Neto
16%
13 2024 Savinho
16%
7 2023 Vanderson
16%
5 2024 Bento
15%
2 2023 Malcom
15%
10 2018 Andreas Pereira
13%
10 2024 Joao Gomes
13%
1 2024 Matheus Pereira
13%
19 2019 Renan Lodi
13%
10 2017 Weverton
13%
4 2024 Fabrício Bruno
12%
2 2015 Felipe Anderson
12%
18 2016 Gabriel Barbosa
12%
3 2025 Wesley
12%
1 2019 Wesley Moraes
12%
34 2003 Diego
10%
4 2024 Abner
8%
10 2018 Allan
8%
8 2019 David Neres
8%
7 2009 Diego Souza
8%
1 2025 Hugo Souza
8%
2 2017 Jemerson
8%
2 2023 Pepê
8%
1 2025 Samuel Lino
8%
3 2014 Souza
8%
4 2023 Yan Couto
8%
13 2023 André
7%
11 2014 Gil
7%
22 2011 Jefferson
7%
1 2025 Murillo
7%
5 2016 Rodrigo Caio
7%
10 2017 Fagner
6%
2 2024 Evanilson
5%
22 2014 Everton Ribeiro
5%
1 2017 Jorge
5%
1 2025 Kaio Jorge
5%
8 2016 Taison
5%
6 2024 Wendell
5%
1 2017 Cássio
4%
12 2011 Jonas
4%
2 2017 Luan
4%
1 2017 Luan
4%
14 2015 Lucas Lima
4%
2 2018 Pablo
4%
1 2024 Pablo Maia
4%
3 2022 Roger Ibanez
4%
35 2010 Elias
3%
1 2024 Galeno
3%
2 2025 Léo Ortiz
3%
6 2023 Raphael Veiga
3%
16 2004 Ricardo Oliveira
3%
2 2025 Vitinho
3%
1 2023 Yuri Alberto
3%
11 2011 Dedé
2%
14 2009 Diego Tardelli
2%
14 2010 Giuliano
2%
13 2021 Guilherme Arana
2%
2 2015 Marcelo Grohe
2%
1 2023 Nino
2%
2 2017 Pedro Geromel
2%
5 2016 Walace
2%
1 2017 Camilo
1%
3 2011 Dudu
1%
2 2021 Edenilson
1%
1 2017 Gustavo Scarpa
1%
2 2021 Lucas Veríssimo
1%
2 2017 Rodriguinho
1%
3 2023 Rony
1%
1 2017 Willian Arao
1%
Aucun quiz correspondant
Distribution des résultats
% des personnes avec chaque résultat
Percentile par nombre de réponses
Votre historique - résultats
Vous n’avez pas pris ce quiz depuis la dernière actualisation